| 000 | 01777cam a2200361 i 4500 | ||
|---|---|---|---|
| 001 | 15824019 | ||
| 003 | EG-ScBUE | ||
| 005 | 20240926144332.0 | ||
| 008 | 090719t2010 nyua f b 001 0 eng d | ||
| 020 | _a9780387980973 | ||
| 020 | _a0387980970 | ||
| 040 |
_aBTCTA _beng _erda _cBTCTA _dOHX _dCDX _dCDN _dYDXCP _dMUU _dGBVCP _dDLC _dEG-ScBUE |
||
| 082 | 0 | 4 |
_a515 _222 _bDAV |
| 100 | 1 |
_aDavidson, Kenneth R., _eauthor. _928588 |
|
| 245 | 1 | 0 |
_aReal analysis and applications : _btheory in practice / _cKenneth R. Davidson, Allen P. Donsig. |
| 264 | 1 |
_aNew York : _bSpringer, _c[2010] |
|
| 264 | 4 | _cc2010 | |
| 300 |
_axii, 513 pages : _billustrations ; _c25 cm. |
||
| 336 |
_2rdacontent _atext _btxt |
||
| 337 |
_aunmediated _2rdamedia _bn |
||
| 338 |
_avolume _bnc _2rdacarrier |
||
| 490 | 0 |
_aUndergraduate texts in mathematics, _x0172-6056 |
|
| 500 | _aRev. ed. of: Real analysis with real applications. | ||
| 504 | _aIncludes bibliographical references and index. | ||
| 505 | 0 | _aAnalysis. Review ; The real numbers ; Series ; Typology of R[superscript]n ; Functions ; Differentiation and integration ; Norms and inner products ; Limits of functions ; Metric spaces -- Applications. Approximation by polynomials ; Discrete dynamical systems ; Differential equations ; Fourier series and physics ; Fourier series and approximation ; Wavelets ; Convexity and optimization ; References ; Index. | |
| 650 | 7 |
_aMathematical analysis. _2BUEsh _928590 |
|
| 653 | _cFebruary2012 | ||
| 655 | _vReading book | ||
| 700 | 1 |
_aDonsig, Allan P., _eauthor. _928591 |
|
| 856 | 4 | 2 |
_3Publisher description _uhttp://www.loc.gov/catdir/enhancements/fy1109/2009932895-d.html |
| 856 | 4 | 1 |
_3Table of contents only _uhttp://www.loc.gov/catdir/enhancements/fy1109/2009932895-t.html |
| 942 |
_2ddc _cBB |
||
| 999 |
_c16380 _d16380 |
||